000 01053nam a2200289 4500
999 _c84025
_d321302
003
005 20221017105206.0
008 130404s2017 njua 001 0 eng
020 _a9789332535923
040 _aDLC
_beng
_cDLC
_erda
_dDLC
041 _aMa-Un
050 0 0 _aQA76.585
_b.E75 2013
082 0 0 _223
_a004.6782
_bETC
100 1 _aErl, Thomas.
_964285
245 1 0 _aCloud computing :
_bconcepts, technology, & architecture /
_cThomas Erl, Zaigham Mahmood and Richardo Puttini.
250 _a7th. ed.
260 _aNew delhi :
_bpearson,
_c2017
_m[1438]
300 _a485 p. :
_billustrations ;
_c24 cm
500 _aIncludes index.
504 _aيشتمل على قائمة ببليوجرافية.
650 0 _aCloud computing.
_9108361
700 1 _aPuttini, Richardo,
_d1974-
_964287
700 1 _aMahmood, Zaigham.
_964288
942 _cBOOK
_2ddc
906 _a7
_bcbc
_corignew
_d1
_eecip
_f20
_gy-gencatlg